| 000 | 00824nam a2200277Ia 4500 | ||
|---|---|---|---|
| 003 | OSt | ||
| 005 | 20220927105331.0 | ||
| 006 | a|||||r|||| 00| 0 | ||
| 007 | ta | ||
| 008 | 220926b |||||||| |||| 00| 0 eng d | ||
| 020 | _a9789211170177 | ||
| 024 | _a191727 | ||
| 037 | _cReference Collections | ||
| 040 |
_aRTL _cRTL _beng |
||
| 041 |
_2eng _aeng |
||
| 082 | _a"X64:(U287), UN" | ||
| 110 | _aUNITED NATIONS ECONOMIC COMMISSION FOR EUROPE | ||
| 245 | 0 | _aFinancing global climate change mitigation | |
| 260 |
_aNew _bYork United Nations _c2010 |
||
| 300 |
_a"xv, 159p" _ccm. |
||
| 490 | _aECE Energy Series No; 37 | ||
| 500 | _aBibliography: P 157-59 | ||
| 700 | _aUNITED NATIONS ECONOMIC COMMISSION FOR EUROPE | ||
| 942 |
_h"X64:(U287), UN" _cCC |
||
| 999 |
_c691926 _d691926 |
||